[Event "Canada vs. Germany"]
[Site "CCCA"]
[Date "2016.04.25"]
[Round "2"]
[White "Jankowiak, Andreas"]
[Black "Bukowski, George"]
[Result "0-1"]
[WhiteElo "2317"]
[BlackElo "2285"]
[EventDate "2016.04.25"]
[Board "6"]
[WhiteTeam "Germany"]
[BlackTeam "Canada"]

1.d4 d5 2.c4 c6 3.Nf3 Nf6 4.e3 Bg4 5.Qb3 Qb6 6.Nc3 e6 7.Nh4 Bh5 8.h3 Be7 
9.g4 Bg6 10.Nxg6 hxg6 11.Bg2 g5 12.O-O Nbd7 13.Rd1 Qxb3 14.axb3 a6 15.f3 
Nh7 16.e4 dxc4 17.bxc4 Nhf8 18.Ne2 Ng6 19.Kf2 e5 20.d5 Nf4 21.d6 Bd8 22.b4
Bb6+ 23.c5 Nxc5 24.bxc5 Bxc5+ 25.Kf1 Ne6 26.d7+ Ke7 27.Bd2 f6 28.Ke1 b6 
29.Ra4 a5 30.Nc1 Nd4 31.Nd3 Bd6 32.Bc3 Nb3 33.Ra2 b5 34.f4 gxf4 35.Nxf4 
Kxd7 36.Nh5 b4 37.Bd2 Rhb8 38.Nxg7 a4 39.Be3 c5 40.Rf2 Nd4 41.Rxf6 b3 42.
Nf5 Bf8 43.Bf1 a3 44.Bc4 a2 45.Rf7+ Ke8 46.Bg5 a1=Q 47.Rxa1 Rxa1+ 48.Kf2 
Rb4 0-1

[Event "Canada vs. Germany"]
[Site "CCCA"]
[Date "2016.04.25"]
[Round "1"]
[White "Bukowski, George"]
[Black "Jankowiak, Andreas"]
[Result "1/2-1/2"]
[WhiteElo "2285"]
[BlackElo "2317"]
[EventDate "2016.04.25"]
[Board "6"]
[WhiteTeam "Canada"]
[BlackTeam "Germany"]

1.e4 c5 2.Nf3 Nc6 3.Nc3 Nf6 4.Bb5 g6 5.h3 Bg7 6.e5 Ng8 7.Bxc6 dxc6 8.O-O 
Nh6 9.Ne4 b6 10.Qe2 O-O 11.a4 Nf5 12.c3 a5 13.d3 Qd5 14.g4 Nh6 15.Bf4 f6 
16.exf6 exf6 17.Nd6 Nf7 18.c4 Qe6 19.Qxe6 Bxe6 20.Rfe1 Bd7 21.Ra3 Nxd6 22.
Bxd6 Rfe8 23.Rxe8+ Rxe8 24.Rb3 f5 25.gxf5 Bxf5 26.Rxb6 Bxd3 27.b3 Be4 
1/2-1/2

[Event "Canada vs. Germany"]
[Site "CCCA"]
[Date "2016.04.25"]
[Round "2"]
[White "Krebs, Jürgen"]
[Black "Hryniw, Michael"]
[Result "1-0"]
[WhiteElo "2281"]
[BlackElo "2268"]
[EventDate "2016.04.25"]
[Board "8"]
[WhiteTeam "Germany"]
[BlackTeam "Canada"]

1.e4 c5 2.Nf3 d6 3.d4 cxd4 4.Nxd4 Nf6 5.f3 Nc6 6.c4 Qb6 7.Nc2 g6 8.Nc3 Bg7
9.Rb1 O-O 10.Be3 Qd8 11.Be2 b6 12.O-O Re8 13.Qd2 Bb7 14.Nd5 Rc8 15.Rfd1 
Ne5 16.b3 Nfd7 17.Nd4 Nc5 18.Rbc1 Nc6 19.g3 Ba8 20.Nb5 a6 21.b4 axb5 22.
cxb5 Nxb4 23.Nxb4 Qd7 24.Kg2 Qb7 25.Qc2 Qa7 26.Nc6 Bxc6 27.bxc6 Ra8 28.Bc4
Qc7 29.Qe2 Ra5 30.Bb5 Ra3 31.Rc2 Rea8 32.Bf2 Rf8 33.f4 Qb8 34.Be1 Rc8 35.
Bb4 Ra7 36.Kg1 Qa8 37.e5 dxe5 38.fxe5 Qb8 39.Rd5 Rd8 40.Rxd8+ Qxd8 41.Rd2 
Qb8 42.Rd5 e6 43.Rd6 Bf8 44.Qd2 Be7 45.a3 h5 46.h4 Rc7 47.Kh2 Kg7 48.Qf4 
Qa7 49.Rd2 Rc8 50.a4 Kg8 51.Qc4 Rd8 52.Rxd8+ Bxd8 53.a5 Bc7 54.Kg2 Kg7 55.
a6 Kg8 56.Bd2 Kg7 57.Bf4 Qb8 58.Qd4 Kg8 59.Bg5 Kh7 60.Bf6 1-0

[Event "Canada vs. Germany"]
[Site "CCCA"]
[Date "2016.04.25"]
[Round "1"]
[White "Hryniw, Michael"]
[Black "Krebs, Jürgen"]
[Result "1/2-1/2"]
[WhiteElo "2268"]
[BlackElo "2281"]
[EventDate "2016.04.25"]
[Board "8"]
[WhiteTeam "Canada"]
[BlackTeam "Germany"]

1.c4 e5 2.g3 Nf6 3.Bg2 d5 4.cxd5 Nxd5 5.Nc3 Nb6 6.Nf3 Nc6 7.O-O Be7 8.a3 
O-O 9.b4 Be6 10.Rb1 f6 11.d3 a5 12.b5 Nd4 13.Nd2 Qc8 14.e3 Nf5 15.a4 Bb4 
16.Bb2 Rd8 17.Qc2 Ne7 18.Rfd1 Rb8 19.Ra1 Bg4 20.Rdc1 Qd7 21.Ba3 Nbd5 22.
Nxd5 Nxd5 23.Nb3 b6 24.d4 Bxa3 25.Rxa3 Be6 26.Be4 h6 27.Qb2 Bh3 28.dxe5 
fxe5 29.Nd2 Nf6 30.Bd3 e4 31.Bf1 Bxf1 32.Nxf1 Rf8 33.Rac3 Rbc8 34.Qd2 Qf5 
35.Rxc7 Rxc7 36.Rxc7 Ng4 37.Rc2 Kh7 38.Qe2 Ne5 39.Nd2 1/2-1/2

[Event "Canada vs. Germany"]
[Site "CCCA"]
[Date "2016.04.25"]
[Round "2"]
[White "Klewe, Wolfgang"]
[Black "Prystenski, Arthur"]
[Result "1-0"]
[WhiteElo "2216"]
[BlackElo "2209"]
[EventDate "2016.04.25"]
[Board "13"]
[WhiteTeam "Germany"]
[BlackTeam "Canada"]

1.g3 d5 2.Bg2 e5 3.d3 Nf6 4.Nf3 Nc6 5.O-O Be7 6.c4 O-O 7.cxd5 Nxd5 8.Nc3 
Be6 9.Bd2 Nb6 10.Ne4 f6 11.Rc1 a5 12.Qc2 a4 13.Qb1 Nd7 14.Be3 a3 15.b3 f5 
16.Nfg5 Bd5 17.Nc3 Bxg2 18.Ne6 Qc8 19.Kxg2 Rf6 20.Ng5 Rg6 21.Nd5 Qd8 22.
Nf3 Bd6 23.b4 f4 24.Bd2 Nf6 25.Qb3 Kh8 26.Qc4 Qe8 27.b5 Nxd5 28.Qxd5 Nd4 
29.Qxb7 Rb8 30.Qe4 Nxf3 31.exf3 Rxb5 32.Rb1 Rxb1 33.Rxb1 Re6 34.Bb4 Qf8 
35.d4 Qg8 36.Bxd6 cxd6 37.Rb3 fxg3 38.hxg3 exd4 39.Qxd4 Qa8 40.Qd3 h6 41.
Rxa3 1-0

[Event "Canada vs. Germany"]
[Site "CCCA"]
[Date "2016.04.25"]
[Round "1"]
[White "Prystenski, Arthur"]
[Black "Klewe, Wolfgang"]
[Result "1/2-1/2"]
[WhiteElo "2209"]
[BlackElo "2216"]
[EventDate "2016.04.25"]
[Board "13"]
[WhiteTeam "Canada"]
[BlackTeam "Germany"]

1.d4 Nf6 2.Nf3 d5 3.c4 e6 4.Nc3 Be7 5.Bg5 O-O 6.e3 c6 7.Bd3 Nbd7 8.O-O 
dxc4 9.Bxc4 Nd5 10.Bxe7 Qxe7 11.e4 Nxc3 12.bxc3 e5 13.Re1 exd4 14.cxd4 Nb6
15.Bb3 Bg4 16.h3 Bh5 17.g4 Bg6 18.h4 h6 19.Ne5 Bh7 20.h5 Kh8 21.Qf3 f6 22.
Ng6+ Bxg6 23.hxg6 c5 24.dxc5 Nd7 25.Bd5 Rac8 26.Qf5 Rxc5 27.Rac1 Rxc1 28.
Rxc1 Ne5 29.Rc3 b5 30.Rh3 a5 31.Kf1 Qe8 32.g5 Qxg6 33.Qxg6 Nxg6 34.gxh6 
Nf4 35.hxg7+ Kxg7 36.Rc3 Nxd5 1/2-1/2

[Event "Canada vs. Germany"]
[Site "CCCA"]
[Date "2016.04.25"]
[Round "2"]
[White "Gonder, Sascha"]
[Black "Botescu, Adrian"]
[Result "1-0"]
[WhiteElo "1560"]
[BlackElo "1570"]
[EventDate "2016.04.25"]
[Board "38"]
[WhiteTeam "Germany"]
[BlackTeam "Canada"]

1.e4 c5 2.Nf3 d6 3.d3 Nf6 4.g3 h6 5.Bg2 e5 6.Nc3 Nc6 7.O-O Be7 8.Nd5 Nxd5 
9.exd5 Nd4 10.Nxd4 cxd4 11.c4 O-O 12.f4 f6 13.b3 g5 14.f5 Qe8 15.Qe2 b6 
16.a4 a5 17.Bb2 Kh7 18.Rae1 Ra7 19.Qf3 h5 20.Rf2 g4 21.Qe4 Rg8 22.Rfe2 Rg7
23.h4 Qd7 24.Rf2 Kh6 25.Bc1+ Kh7 26.Qe2 Kh8 27.Qc2 Rh7 28.Bd2 Bf8 29.Qc1 
Qc7 30.Kh2 Bd7 31.Kh1 Qc8 32.Be4 Bg7 33.Kh2 Qf8 34.Qa3 Bh6 35.Bxh6 Rxh6 
36.Rb2 Rh7 37.b4 axb4 38.Rxb4 Qd8 39.Reb1 b5 40.cxb5 Bc8 41.b6 Rab7 42.a5 
Rb8 43.a6 Kg8 44.a7 Ra8 45.b7 Bxb7 46.Rxb7 Rxb7 47.Rxb7 Qc8 48.Qb2 1-0

[Event "Canada vs. Germany"]
[Site "CCCA"]
[Date "2016.04.25"]
[Round "1"]
[White "Botescu, Adrian"]
[Black "Gonder, Sascha"]
[Result "0-1"]
[WhiteElo "1570"]
[BlackElo "1560"]
[EventDate "2016.04.25"]
[Board "38"]
[WhiteTeam "Canada"]
[BlackTeam "Germany"]

1.d4 Nf6 2.c4 c6 3.Nc3 d5 4.c5 b6 5.b4 a5 6.b5 bxc5 7.bxc6 cxd4 8.Qxd4 
Nxc6 9.Qd1 d4 10.Nb5 e5 11.Nf3 e4 12.Nfxd4 Bb4+ 13.Bd2 Nxd4 14.Bxb4 Nxb5 
15.Qxd8+ Kxd8 16.Rd1+ Bd7 17.Bc5 Nc3 18.Bb6+ Ke8 19.Ra1 Ke7 20.Bd4 Rhc8 
21.e3 Rab8 22.Ba6 Rc6 23.Bxc3 Rxc3 24.O-O Rb2 25.Rfb1 Rxb1+ 26.Rxb1 Rc2 
27.Ra1 Ng4 28.f3 exf3 29.gxf3 Nxh2 30.f4 Nf3+ 31.Kf1 Bh3# 0-1

[Event "Canada vs. Germany"]
[Site "CCCA"]
[Date "2016.04.25"]
[Round "2"]
[White "Wimmer, Ralph G."]
[Black "Carter, Maurice H."]
[Result "0-1"]
[WhiteElo "2101"]
[BlackElo "2032"]
[EventDate "2016.04.25"]
[Board "22"]
[WhiteTeam "Germany"]
[BlackTeam "Canada"]
[Termination "abandoned"]

1.d4 Nf6 2.c4 e6 3.Nf3 b6 4.Nc3 Bb7 5.a3 d5 6.Bf4 Bd6 7.Bxd6 cxd6 8.cxd5 
Nxd5 9.Nxd5 Bxd5 10.e3 Nd7 0-1

[Event "Canada vs. Germany"]
[Site "CCCA"]
[Date "2016.04.25"]
[Round "1"]
[White "Carter, Maurice H."]
[Black "Wimmer, Ralph G."]
[Result "1-0"]
[WhiteElo "2032"]
[BlackElo "2101"]
[EventDate "2016.04.25"]
[Board "22"]
[WhiteTeam "Canada"]
[BlackTeam "Germany"]
[Termination "abandoned"]

1.d4 d5 2.c4 dxc4 3.Nf3 c5 4.e3 e6 5.Bxc4 Nf6 6.O-O Nc6 7.Nc3 a6 8.dxc5 
Qxd1 9.Rxd1 Bxc5 10.Bd3 O-O 11.b3 1-0

[Event "Canada vs. Germany"]
[Site "CCCA"]
[Date "2016.04.25"]
[Round "2"]
[White "Granz, Thomas"]
[Black "Bowen, Francois"]
[Result "1/2-1/2"]
[WhiteElo "2039"]
[BlackElo "1979"]
[EventDate "2016.04.25"]
[Board "24"]
[WhiteTeam "Germany"]
[BlackTeam "Canada"]

1.d4 g6 2.e4 Bg7 3.Nf3 c5 4.d5 Nf6 5.Bd3 d6 6.O-O O-O 7.c4 Bg4 8.h3 Bxf3 
9.Qxf3 Nbd7 10.Bc2 e6 11.Nc3 exd5 12.exd5 Ne5 13.Qe2 Re8 14.Bg5 h6 15.Be3 
Nfd7 16.b3 Ng4 17.Qxg4 Bxc3 18.Rad1 h5 19.Qg3 h4 20.Qg4 Ne5 21.Qf4 Nd7 22.
Rc1 Qf6 23.Qg4 Ne5 24.Qd1 Bd4 25.Bxd4 cxd4 26.Qd2 a5 27.Rcd1 Nd7 28.a3 a4 
29.bxa4 Kg7 30.Qxd4 Re2 31.Qxf6+ Kxf6 32.Rc1 Nc5 33.Rfd1 Nxa4 34.Bxa4 Rxa4
35.c5 dxc5 36.d6 Re8 37.Rxc5 Rxa3 38.Rc4 Rd8 39.Rxh4 Rd7 40.Rb4 Ra6 41.h4 
Ke6 42.Rdb1 Raxd6 43.Rxb7 Rxb7 44.Rxb7 f5 45.g3 Ke5 46.Rb2 Kf6 47.Rb8 Rc6 
48.Kg2 Rc2 49.Rb3 Rc6 50.Rb5 Rd6 51.Ra5 Rc6 52.Ra2 Rd6 53.f3 g5 54.Kh3 Kg6
55.Ra8 gxh4 56.gxh4 Re6 57.Rg8+ Kf6 58.Kg3 Re1 59.Rh8 Rb1 60.Ra8 Rh1 61.
Ra5 Kg6 62.Ra6+ Kh5 63.Ra8 Kg6 64.Rg8+ Kf7 65.Rh8 Kg7 66.Rb8 Kf6 67.Rb4 
Kg6 68.Ra4 Rg1+ 69.Kf4 Rh1 70.Ra6+ Kh5 71.Kxf5 Rh3 72.f4 Rb3 73.Re6 Rb4 
74.Re4 Rb6 75.Re1 Rb8 76.Re5 Rf8+ 77.Ke4+ Kxh4 78.Re6 Kg4 79.Rg6+ Kh5 80.
Rg5+ Kh6 81.Kf3 Rf6 82.Rg2 Rg6 83.Rd2 Rc6 84.Ke4 Kg6 85.f5+ Kf6 86.Rd4 Rb6
87.Kf4 1/2-1/2

[Event "Canada vs. Germany"]
[Site "CCCA"]
[Date "2016.04.25"]
[Round "1"]
[White "Bowen, Francois"]
[Black "Granz, Thomas"]
[Result "0-1"]
[WhiteElo "1979"]
[BlackElo "2039"]
[EventDate "2016.04.25"]
[Board "24"]
[WhiteTeam "Canada"]
[BlackTeam "Germany"]

1.f4 d5 2.Nf3 Nf6 3.e3 e6 4.Be2 Be7 5.b3 O-O 6.Bb2 b6 7.O-O c5 8.c4 Nc6 9.
Ne5 Bb7 10.Bf3 Nxe5 11.Bxe5 Qd7 12.d3 Rad8 13.Qe2 Ne8 14.Nd2 Nd6 15.Rad1 
d4 16.Bxd6 Bxd6 17.Bxb7 dxe3 18.Qxe3 Qxb7 19.Nf3 Qc7 20.g3 Be7 21.Kg2 Bf6 
22.d4 cxd4 23.Nxd4 Qd7 24.Nf3 Qxd1 25.Rxd1 Rxd1 26.g4 g6 27.Qe4 Rfd8 28.h4
Ra1 29.Qc2 Rdd1 30.h5 gxh5 31.gxh5 h6 32.Kg3 Rac1 33.Qe2 Rd8 34.Kg2 Rc3 
35.Ne1 Rd4 36.Qf2 Kf8 37.Kh2 a5 38.Kg2 a4 39.Kh2 axb3 40.axb3 Rxb3 0-1

[Event "Canada vs. Germany"]
[Site "CCCA"]
[Date "2016.04.25"]
[Round "2"]
[White "Köstner, Wolfgang"]
[Black "Akwei, Loving"]
[Result "1-0"]
[WhiteElo "2261"]
[BlackElo "2258"]
[EventDate "2016.04.25"]
[Board "10"]
[WhiteTeam "Germany"]
[BlackTeam "Canada"]

1.Nf3 Nf6 2.c4 e6 3.g3 d5 4.d4 dxc4 5.Bg2 Nc6 6.Qa4 Bb4+ 7.Bd2 Bd7 8.Bxb4 
Nxd4 9.Qd1 Bc6 10.Na3 Nxf3+ 11.Bxf3 Bxf3 12.exf3 Qxd1+ 13.Rxd1 Nd5 14.Bc3 
f6 15.Nxc4 O-O-O 16.Ke2 Rd7 17.Ne3 Re8 18.Rd3 b6 19.Rc1 Red8 20.Nxd5 Rxd5 
21.Rxd5 Rxd5 22.f4 Kd7 23.b4 Kc8 24.h4 Kb7 25.g4 Rd7 26.h5 Rf7 27.Ke3 h6 
28.g5 fxg5 29.fxg5 hxg5 30.f3 Rd7 31.Rg1 a5 32.bxa5 b5 33.Rxg5 Ka6 34.Rxg7
Rd5 35.h6 c6 36.Rc7 1-0

[Event "Canada vs. Germany"]
[Site "CCCA"]
[Date "2016.04.25"]
[Round "1"]
[White "Akwei, Loving"]
[Black "Köstner, Wolfgang"]
[Result "1/2-1/2"]
[WhiteElo "2258"]
[BlackElo "2261"]
[EventDate "2016.04.25"]
[Board "10"]
[WhiteTeam "Canada"]
[BlackTeam "Germany"]

1.e4 c5 2.Nf3 Nc6 3.d4 cxd4 4.Nxd4 Nf6 5.Nc3 e5 6.Ndb5 d6 7.Bg5 a6 8.Na3 
b5 9.Bxf6 gxf6 10.Nd5 f5 11.Bd3 Be6 12.O-O Bg7 13.Qh5 f4 14.c4 b4 15.Nc2 
a5 16.g3 Rb8 17.b3 Qd7 18.Rac1 Ne7 19.Be2 O-O 20.Nxe7+ Qxe7 21.Bg4 Bxg4 
22.Qxg4 Qe6 23.Qxe6 fxe6 24.Rcd1 Rb6 25.Rd3 Bf6 26.Kg2 Be7 27.Rfd1 Rf7 28.
Rf3 Rg7 29.Ne1 Rb8 30.Nd3 Rd8 31.Kf1 fxg3 32.Rxg3 Bh4 33.Rh3 Bf6 34.Nb2 
Be7 35.Ke2 Rc8 36.Nd3 Rg5 37.Rh6 Bf8 38.Rh3 Be7 39.Rg3 Kf7 40.c5 Rh5 41.
Rf3+ Ke8 42.Rg1 dxc5 43.Rg8+ Kd7 44.Rg7 Rc7 45.Rff7 Kd6 46.Nb2 Bd8 47.Nc4+
Kc6 48.Nxa5+ Kb6 49.Nc4+ Kc6 50.h3 Rxf7 51.Rxf7 Rxh3 52.Nxe5+ Kd6 53.f4 
Be7 54.Ng4 h5 55.Ne3 Rh2+ 56.Kd3 Bd8 57.Ra7 Rh4 58.e5+ Kc6 59.Ke4 Bc7 60.
Ra8 Kd7 61.Ra6 Bd8 62.Ra7+ Ke8 63.Nc4 Be7 64.Nd6+ Kf8 65.Ra8+ Kg7 1/2-1/2

[Event "Canada vs. Germany"]
[Site "CCCA"]
[Date "2016.04.25"]
[Round "2"]
[White "Glotz, Dietmar"]
[Black "Jean, Pierre"]
[Result "1/2-1/2"]
[WhiteElo "2247"]
[BlackElo "2251"]
[EventDate "2016.04.25"]
[Board "11"]
[WhiteTeam "Germany"]
[BlackTeam "Canada"]

1.e4 c5 2.Nf3 d6 3.d4 cxd4 4.Nxd4 Nf6 5.Nc3 a6 6.Be3 e5 7.Nb3 Be6 8.h3 Be7
9.f4 Nc6 10.f5 Bxb3 11.axb3 Nb4 12.Bc4 Rc8 13.O-O b5 14.Bd5 Qd7 15.Rf2 
Nbxd5 16.Nxd5 Nxe4 17.Qg4 Nxf2 18.Qxg7 Rf8 19.f6 Bd8 20.Bh6 Qe6 21.Qxf8+ 
Kd7 22.c4 bxc4 23.bxc4 Rxc4 24.Rxa6 Qxd5 25.Rxd6+ Qxd6 26.Qxf7+ Be7 27.
Qxc4 Qxf6 28.Qd5+ 1/2-1/2

[Event "Canada vs. Germany"]
[Site "CCCA"]
[Date "2016.04.25"]
[Round "1"]
[White "Jean, Pierre"]
[Black "Glotz, Dietmar"]
[Result "1/2-1/2"]
[WhiteElo "2251"]
[BlackElo "2247"]
[EventDate "2016.04.25"]
[Board "11"]
[WhiteTeam "Canada"]
[BlackTeam "Germany"]

1.d4 d5 2.c4 c6 3.Nf3 Nf6 4.Nc3 e6 5.Bg5 h6 6.Bh4 dxc4 7.e4 g5 8.Bg3 b5 9.
Be2 Bb7 10.O-O Nbd7 11.Ne5 Be7 12.f4 O-O 13.fxg5 hxg5 14.Kh1 c5 15.Nxd7 
Qxd7 16.d5 exd5 17.Qd2 Ne8 18.Nxd5 Bxd5 19.exd5 Rd8 20.Rae1 f5 21.b3 cxb3 
22.axb3 a6 23.Bf3 Bf6 24.Qc2 Bd4 25.Re6 Qh7 26.Qd2 Qg7 27.Qa5 Nf6 28.Qxa6 
f4 29.Be1 Rb8 30.Bf2 Bxf2 31.Rxf2 Ra8 32.Qxb5 g4 33.Bd1 g3 34.Rf1 Ne4 35.
Qc6 f3 36.Rg6 fxg2+ 37.Kxg2 Ra2+ 38.Kh3 Rxh2+ 39.Kg4 Rxf1 40.Qe8+ Kh7 41.
Rxg7+ Kxg7 42.Qxe4 g2 43.Qe7+ 1/2-1/2

[Event "Canada vs. Germany"]
[Site "CCCA"]
[Date "2016.04.25"]
[Round "2"]
[White "Martins, Karin"]
[Black "Woldmo, Asbjorn Ingar"]
[Result "1-0"]
[WhiteElo "1900"]
[BlackElo "1880"]
[EventDate "2016.04.25"]
[Board "29"]
[WhiteTeam "Germany"]
[BlackTeam "Canada"]

1.e4 c5 2.Nf3 d6 3.d4 cxd4 4.Nxd4 Nf6 5.Nc3 g6 6.Be3 Bg7 7.f3 O-O 8.Qd2 
Nc6 9.O-O-O Bd7 10.Bc4 Qa5 11.Bb3 Nxd4 12.Bxd4 Bc6 13.Kb1 a6 14.Nd5 Qxd2 
15.Nxe7+ Kh8 16.Rxd2 Ne8 17.Rhd1 Bxd4 18.Rxd4 f6 19.Rb4 a5 20.Rb6 a4 21.
Bd5 Bxd5 22.Rxd5 Rf7 23.Rxb7 Kg7 24.Rdb5 h5 25.Rd7 Kh7 26.Nxg6 Kxg6 27.
Rxf7 Kxf7 28.Rxh5 Ra6 29.Rb5 Kg6 30.h4 Nc7 31.h5+ Kh6 32.Rf5 Ne8 33.g4 Ng7
34.Rxf6+ Kh7 35.h6 Ne8 36.Re6 Ra8 37.g5 Rd8 38.f4 Kg8 39.f5 Kf7 40.g6+ Kg8
41.f6 Nxf6 42.Rxf6 d5 43.e5 d4 44.Rf7 Re8 45.Rd7 Rf8 46.h7+ 1-0

[Event "Canada vs. Germany"]
[Site "CCCA"]
[Date "2016.04.25"]
[Round "1"]
[White "Woldmo, Asbjorn Ingar"]
[Black "Martins, Karin"]
[Result "0-1"]
[WhiteElo "1880"]
[BlackElo "1900"]
[EventDate "2016.04.25"]
[Board "29"]
[WhiteTeam "Canada"]
[BlackTeam "Germany"]

1.e4 e5 2.Nf3 Nc6 3.Bb5 a6 4.Ba4 Nf6 5.O-O Nxe4 6.d4 b5 7.Bb3 d5 8.dxe5 
Be6 9.c3 Bc5 10.Be3 Bxe3 11.fxe3 O-O 12.Qe1 Bg4 13.Nbd2 Nxd2 14.Nxd2 Nxe5 
15.Bc2 Re8 16.Qg3 Qd6 17.Qh4 h6 18.h3 Be2 19.Rfe1 Bd3 20.Bxd3 Nxd3 21.Re2 
Nxb2 22.Rf1 Na4 23.Ref2 Nxc3 24.Rf3 Re7 25.Qf2 Rae8 26.Rxf7 Rxe3 27.Qf5 
Ne2+ 0-1

[Event "Canada vs. Germany"]
[Site "CCCA"]
[Date "2016.04.25"]
[Round "2"]
[White "Hunger, Horst"]
[Black "Morley, Paul"]
[Result "1/2-1/2"]
[WhiteElo "2346"]
[BlackElo "2356"]
[EventDate "2016.04.25"]
[Board "3"]
[WhiteTeam "Germany"]
[BlackTeam "Canada"]

1.d4 d5 2.c4 dxc4 3.Nf3 Nf6 4.e3 e6 5.Bxc4 c5 6.O-O a6 7.dxc5 Qxd1 8.Rxd1 
Bxc5 9.Nbd2 O-O 10.Be2 Rd8 11.Ne5 Be7 12.Nec4 Nc6 13.Bf3 Bd7 14.Nb3 Be8 
15.Bd2 b5 16.Nca5 Rac8 17.a3 Nxa5 18.Bxa5 Rxd1+ 19.Rxd1 h6 20.Bb7 Rb8 21.
Bxa6 Ra8 22.Bb7 Rb8 23.Bf3 b4 24.axb4 Ba4 25.Rd3 Bxb4 26.Bxb4 Rxb4 27.Nc5 
Bc2 28.Rd8+ Kh7 29.g3 Rxb2 30.Rd2 Rb1+ 31.Kg2 Bg6 32.g4 Rb5 33.Nd7 h5 34.
Be2 1/2-1/2

[Event "Canada vs. Germany"]
[Site "CCCA"]
[Date "2016.04.25"]
[Round "1"]
[White "Morley, Paul"]
[Black "Hunger, Horst"]
[Result "1/2-1/2"]
[WhiteElo "2356"]
[BlackElo "2346"]
[EventDate "2016.04.25"]
[Board "3"]
[WhiteTeam "Canada"]
[BlackTeam "Germany"]

1.c4 e5 2.Nc3 Nf6 3.Nf3 Nc6 4.g3 Bb4 5.Bg2 O-O 6.O-O e4 7.Ng5 Bxc3 8.bxc3 
Re8 9.f3 e3 10.d3 d5 11.Qb3 Na5 12.Qa3 c6 13.cxd5 cxd5 14.f4 h6 15.Nf3 Nc6
16.Rb1 b6 17.Qa4 Bd7 18.Nd4 Ne7 19.Qa3 Nf5 20.Nxf5 Bxf5 21.h3 h5 22.Qa4 
Qc8 23.Kh2 Qc7 24.Qd4 Qc5 25.Qxc5 bxc5 26.Rb3 Rad8 27.Ra3 c4 28.dxc4 dxc4 
29.Rxa7 Rd2 30.Ra5 g6 31.Re1 Ne4 32.Bxe4 Bxe4 33.g4 h4 34.Kg1 Rc2 35.Bxe3 
Rxc3 36.Kf2 f5 37.Rg1 Kf7 38.Ra7+ Re7 39.Rxe7+ Kxe7 40.gxf5 Bxf5 41.a4 Rc2
42.Bd4 Ra2 43.Kf3 Kf7 44.Ra1 Rxa1 1/2-1/2

[Event "Canada vs. Germany"]
[Site "CCCA"]
[Date "2016.04.25"]
[Round "2"]
[White "Schmidt, Karl Heinz"]
[Black "Giroux, Marc"]
[Result "1/2-1/2"]
[WhiteElo "2172"]
[BlackElo "2142"]
[EventDate "2016.04.25"]
[Board "18"]
[WhiteTeam "Germany"]
[BlackTeam "Canada"]

1.c4 c5 2.Nf3 Nf6 3.Nc3 Nc6 4.g3 e5 5.d3 Be7 6.Bg2 O-O 7.O-O d6 8.Bg5 Be6 
9.Nd2 Qd7 10.e3 Rfc8 11.Qa4 a6 12.a3 b5 13.Qc2 Rab8 14.b3 b4 15.axb4 Nxb4 
16.Qb1 Bf5 17.Nde4 Nxe4 18.dxe4 Bg4 19.Bxe7 Qxe7 20.Nd5 Qd8 21.Nxb4 Rxb4 
22.Rxa6 Rcb8 23.Qd3 Rxb3 24.Qxd6 Qxd6 25.Rxd6 g6 26.Rd2 Rc3 27.Ra1 Rxc4 
28.f4 Be6 29.Kf2 Rc3 30.Bf3 h5 31.f5 gxf5 32.exf5 Bxf5 33.Bxh5 c4 34.Be2 
Kg7 35.h4 Be6 36.g4 Rh8 37.h5 Rb3 38.Bd1 Rb4 39.Rc2 Rc8 40.Rc3 1/2-1/2

[Event "Canada vs. Germany"]
[Site "CCCA"]
[Date "2016.04.25"]
[Round "1"]
[White "Giroux, Marc"]
[Black "Schmidt, Karl Heinz"]
[Result "1/2-1/2"]
[WhiteElo "2142"]
[BlackElo "2172"]
[EventDate "2016.04.25"]
[Board "18"]
[WhiteTeam "Canada"]
[BlackTeam "Germany"]

1.e4 e5 2.Nf3 Nf6 3.Nxe5 d6 4.Nf3 Nxe4 5.d4 d5 6.Bd3 Nc6 7.O-O Be7 8.c4 
Nb4 9.cxd5 Nxd3 10.Qxd3 Qxd5 11.Re1 Bf5 12.g4 Bg6 13.Nc3 Nxc3 14.Qxc3 f6 
15.Nh4 Qd6 16.Qe3 Rd8 17.Bd2 Kf7 18.Rac1 Rhe8 19.Nxg6 hxg6 20.Qb3+ Kf8 21.
Re4 b6 22.Bf4 Qb4 23.Rxc7 Qxb3 24.axb3 Bd6 25.Rxe8+ Kxe8 26.Bxd6 Rxd6 27.
Rxa7 Rxd4 28.Ra4 Rd5 29.Kf1 g5 30.Ke2 Kd7 31.Ke3 Re5+ 1/2-1/2

[Event "Canada vs. Germany"]
[Site "CCCA"]
[Date "2016.04.25"]
[Round "2"]
[White "Thau, Oliver"]
[Black "Paul, Michael"]
[Result "1-0"]
[WhiteElo "1725"]
[BlackElo "1641"]
[EventDate "2016.04.25"]
[Board "35"]
[WhiteTeam "Germany"]
[BlackTeam "Canada"]

1.e4 e5 2.Nc3 Nf6 3.g3 d6 4.Bg2 a6 5.Nge2 Be7 6.O-O O-O 7.d4 Nbd7 8.a4 c6 
9.h3 b6 10.d5 Bb7 11.dxc6 Bxc6 12.Be3 Qc7 13.g4 Qb7 14.Nd5 Nc5 15.Bxc5 
dxc5 16.Nec3 Rad8 17.Qf3 Ne8 18.Qf5 Bd6 19.Rfd1 Bd7 20.Qf3 f6 21.Ne3 g6 
22.Ncd5 Rf7 23.h4 Bf8 24.Qg3 Bg7 25.g5 Qb8 26.h5 f5 27.hxg6 hxg6 28.exf5 
Bxf5 29.Nxf5 gxf5 30.g6 Rfd7 31.Qb3 Kf8 32.Qh3 Nd6 33.a5 bxa5 34.Rxa5 Ra7 
35.Rxc5 Qxb2 36.Nc7 Ke7 37.Qh4+ Kd7 38.Rxd6+ Kxd6 39.Rd5+ Kxc7 40.Qxd8+ 
Kc6 41.Rxe5# 1-0

[Event "Canada vs. Germany"]
[Site "CCCA"]
[Date "2016.04.25"]
[Round "1"]
[White "Paul, Michael"]
[Black "Thau, Oliver"]
[Result "0-1"]
[WhiteElo "1641"]
[BlackElo "1725"]
[EventDate "2016.04.25"]
[Board "35"]
[WhiteTeam "Canada"]
[BlackTeam "Germany"]

1.e4 e5 2.Nf3 Nc6 3.d4 exd4 4.Nxd4 Nf6 5.Nxc6 bxc6 6.e5 Nd5 7.c4 Ne7 8.Bd3
Ng6 9.O-O d6 10.exd6 Bxd6 11.Re1+ Be6 12.Qc2 O-O 13.Nd2 Qh4 14.Nf3 Qh5 15.
Bxg6 Qxg6 16.Qe2 Bg4 17.Kh1 Qh5 18.Qe4 Bxf3 0-1

[Event "Canada vs. Germany"]
[Site "CCCA"]
[Date "2016.04.25"]
[Round "2"]
[White "Schunck, Franz"]
[Black "Sharpe, Sam"]
[Result "1/2-1/2"]
[WhiteElo "2309"]
[BlackElo "2275"]
[EventDate "2016.04.25"]
[Board "7"]
[WhiteTeam "Germany"]
[BlackTeam "Canada"]

1.e4 c5 2.Nf3 d6 3.d4 cxd4 4.Nxd4 Nf6 5.Nc3 a6 6.Bd3 e5 7.Nde2 Be7 8.O-O 
O-O 9.Ng3 b5 10.Bd2 Bg4 11.Be2 Be6 12.Nd5 Nxd5 13.exd5 Bxd5 14.Ba5 Qxa5 
15.Qxd5 Nd7 16.a4 Qc7 17.axb5 Nb6 18.Qc6 Qxc6 19.bxc6 Rfc8 20.Nf5 Bf8 21.
c4 a5 22.Rfd1 Rxc6 23.Bf3 d5 24.cxd5 Rc5 25.Ne7+ Kh8 26.d6 Rd8 27.Nd5 Nc4 
28.b4 axb4 29.Nxb4 Nxd6 30.Nd3 Rb5 31.Bc6 Rb6 32.Nxe5 1/2-1/2

[Event "Canada vs. Germany"]
[Site "CCCA"]
[Date "2016.04.25"]
[Round "1"]
[White "Sharpe, Sam"]
[Black "Schunck, Franz"]
[Result "1/2-1/2"]
[WhiteElo "2275"]
[BlackElo "2309"]
[EventDate "2016.04.25"]
[Board "7"]
[WhiteTeam "Canada"]
[BlackTeam "Germany"]

1.d4 Nf6 2.c4 e6 3.Nc3 d5 4.cxd5 exd5 5.Bg5 c6 6.Qc2 Be6 7.e3 Nbd7 8.Bd3 
h6 9.Bh4 g5 10.Bg3 Nh5 11.Rb1 Nxg3 12.hxg3 Bd6 13.Nf3 Kf8 14.e4 dxe4 15.
Nxe4 Be7 16.Nc3 g4 17.Nh4 Bxh4 18.Rxh4 Nf6 19.Qa4 Kg7 20.Ne2 Qd5 21.Nf4 
Qxa2 22.Qb4 Qb3 23.Qa5 b5 24.Qd2 Bc4 25.Rc1 a5 26.Rc3 Rae8+ 27.Kf1 Bxd3+ 
28.Nxd3 Qd5 29.Nf4 Qd6 30.f3 h5 31.Rc5 Kf8 32.Qc3 Nd5 33.Rxc6 Ne3+ 34.Kf2 
Nd1+ 35.Kf1 Qe7 36.Qxa5 Qe3 37.Qa3+ Qxa3 38.bxa3 Ne3+ 39.Kf2 Nd1+ 1/2-1/2

[Event "Canada vs. Germany"]
[Site "CCCA"]
[Date "2016.04.25"]
[Round "2"]
[White "Giesel, Mario"]
[Black "Bowen, Francois"]
[Result "1-0"]
[WhiteElo "2017"]
[BlackElo "1979"]
[EventDate "2016.04.25"]
[Board "25"]
[WhiteTeam "Germany"]
[BlackTeam "Canada"]

1.d4 g6 2.e4 Bg7 3.Nc3 c5 4.d5 d6 5.Nf3 Nf6 6.Bb5+ Nbd7 7.a4 O-O 8.O-O a6 
9.Be2 b6 10.h3 Bb7 11.Bf4 Qc7 12.Bc4 Nh5 13.Bh2 Ne5 14.Nxe5 dxe5 15.Re1 
Bh6 16.b3 Nf4 17.Qf3 Kg7 18.Rad1 Qd6 19.h4 Rad8 20.g3 Nh3+ 21.Kg2 Bc8 22.
Qe2 Qd7 23.f3 a5 24.Ba6 g5 25.Bxc8 Qxc8 26.d6 exd6 27.Nd5 f5 28.Ne7 fxe4 
29.Nxc8 exf3+ 30.Qxf3 Rxf3 31.Kxf3 Rxc8 32.Kg2 1-0

[Event "Canada vs. Germany"]
[Site "CCCA"]
[Date "2016.04.25"]
[Round "1"]
[White "Bowen, Francois"]
[Black "Giesel, Mario"]
[Result "0-1"]
[WhiteElo "1979"]
[BlackElo "2017"]
[EventDate "2016.04.25"]
[Board "25"]
[WhiteTeam "Canada"]
[BlackTeam "Germany"]

1.f4 e5 2.e4 exf4 3.Bc4 d5 4.Bxd5 Nf6 5.Nc3 Bb4 6.Nf3 O-O 7.O-O Nc6 8.Bxc6
bxc6 9.d3 Nh5 10.Ne2 g5 11.a3 Bd6 12.Qe1 f5 13.e5 Be7 14.Qf2 Ng7 15.h4 h6 
16.Nfd4 Qe8 17.Nb3 a5 18.a4 Be6 19.hxg5 hxg5 20.Ned4 c5 21.Nxe6 Nxe6 22.
Bd2 Kg7 23.Qf3 c4 24.dxc4 Rh8 25.Qe2 Rb8 26.Kf2 Rd8 27.Ke1 Rh2 28.Rf2 Bc5 
29.Nxc5 Nxc5 30.Rd1 Ne4 31.Bxf4 gxf4 0-1